The future shape of local Government finance

Bibliographic Details
Format: Book
Published: London : Her majesty's stationary office , 1971
Subjects:

MARC

LEADER 00000cam a2200000 7i4500
001 0000007692
005 20161121.0
020 |a 0101474105 
040 |a INS 
090 0 0 |a HJ9423   |b F88 1971 
245 1 4 |a The future shape of local Government finance 
260 |a London :   |b Her majesty's stationary office ,   |c 1971 
300 |a 44p. :   |b 25 cm 
650 0 0 |a Local finance   |z Great Britain 
999 |a 0000022589   |b BOOK   |c Open Shelf   |e Default branch